Sata suomalaista jääkiekkoilijaa kuvasta - Statistics

Yleistilastot
  • Tätä visaa on pelattu 390 kertaa
  • Keskiarvotulos 52 / 100
Vastaustilastot
Kuvavisa Vastaus % Oikein
Teemu Selänne
98%
Patrik Laine
93%
Saku Koivu
92%
Sebastian Aho
92%
Valtteri Filppula
91%
Mikko Rantanen
90%
Marko Anttila
88%
Mikael Granlund
86%
Raimo Helminen
86%
Alexander Barkov
85%
Jari Kurri
84%
Jesse Puljujärvi
84%
Miro Heiskanen
80%
Roope Hintz
80%
Olli Jokinen
78%
Esa Tikkanen
77%
Juhani Tamminen
75%
Mikko Koivu
75%
Tuukka Rask
75%
Timo Jutila
73%
Hannes Björninen
72%
Leo Komarov
72%
Miika Kiprusoff
70%
Ville Nieminen
70%
Kaapo Kakko
69%
Teuvo Teräväinen
69%
Kasperi Kapanen
67%
Jesperi Kotkaniemi
66%
Ville Peltonen
66%
Anton Lundell
65%
Artturi Lehkonen
65%
Kari Jalonen
65%
Jere Lehtinen
64%
Jere Karalahti
63%
Joel Armia
62%
Juuse Saros
61%
Pekka Rinne
61%
Jarkko Ruutu
60%
Juhamatti Aaltonen
59%
Niko Mikkola
59%
Teppo Numminen
59%
Kimmo Timonen
58%
Eetu Luostarinen
57%
Tuomo Ruutu
57%
Erik Haula
56%
Esa Lindell
56%
Rasmus Ristolainen
56%
Eeli Tolvanen
55%
Jani Hakanpää
55%
Olli Määttä
55%
Sakari Manninen
54%
Sami Kapanen
54%
Antti Pihlström
52%
Harri Pesonen
52%
Joonas Donskoi
52%
Joel Kiviranta
51%
Jori Lehterä
50%
Matias Maccelli
49%
Sami Vatanen
48%
Jussi Jokinen
46%
Pasi Nurminen
44%
Antti Niemi
43%
Petteri Nummelin
42%
Antti Törmänen
41%
Ossi Väänänen
41%
Kari Lehtonen
39%
Reijo Ruotsalainen
39%
Harri Säteri
38%
Tero Lehterä
38%
Marko Jantunen
37%
Vesa Toskala
37%
Niklas Bäckström
36%
Juuso Välimäki
35%
Sami Salo
35%
Jarmo Myllys
34%
Raimo Summanen
34%
Niklas Hagman
30%
Ville Leino
29%
Marko Kiprusoff
28%
Janne Niinimaa
27%
Joni Pitkänen
27%
Niko Kapanen
27%
Petri Vehanen
23%
Hannu Virta
22%
Jukka Hentunen
22%
Jyrki Lumme
22%
Kari Eloranta
21%
Antti Miettinen
20%
Mika Nieminen
20%
Erik Hämäläinen
19%
Esa Keskinen
19%
Toni Lydman
19%
Jukka Tammi
18%
Aki Berg
16%
Christian Ruuttu
14%
Matti Hagman
14%
Marko Palo
13%
Risto Siltanen
13%
Ilkka Sinisalo
11%
Petri Skriko
10%
Ehtoja vastaavia visoja ei löytynyt
Tulosjakauma
Jokaisen tuloksen saaneiden osuus
Persentiili vastausten määrän mukaan
Tuloshistoriasi
Et ole pelannut tätä visaa